40 Most Famous Cities in Bulgaria on a Map - Statistics

General Stats
  • This quiz has been taken 108 times
  • The average score is 20 of 40
Answers on the Map
Answers color-coded by a green-red scale on the quiz's map according to % correct below.
 
Answer Stats
Wiki Monthly Views Cityquiz Mention Rate Population Answers % Correct
154.54K 49.56% 1196.81K Sofia
100%
46.37K 15.11% 314.61K Varna
96%
58.53K 12.14% 325.49K Plovdiv
93%
33.38K 8.37% 188.11K Burgas
89%
21.98K 2.84% 122.12K Ruse
77%
15.09K 1.60% 121.21K Stara Zagora
72%
14.04K 2.53% 89.03K Pleven
71%
25.94K 2.64% 59.33K Veliko Tarnovo
68%
9.69K 1.38% 70.41K Dobrich
67%
8.47K 1.14% 78.63K Sliven
65%
11.11K 1.26% 62.35K Blagoevgrad
60%
8.28K 1.02% 63.78K Haskovo
60%
6.65K 2.07% 35.47K Montana
60%
6.93K 1.04% 66.26K Pernik
60%
11.19K 2.15% 33.74K Vidin
60%
10.54K 1.00% 66.71K Shumen
59%
11.21K 0.93% 27.27K Silistra
55%
8.03K 0.62% 54.65K Pazardzhik
52%
11.13K 1.80% 28.23K Razgrad
52%
6.58K 0.66% 59.76K Yambol
52%
9.89K 0.65% 41.40K Kardzhali
49%
22.85K 0.62% 14.77K Nesebar
49%
8.08K 0.56% 44.23K Gabrovo
47%
7.47K 0.65% 27.37K Lovech
45%
6.86K 0.83% 48.41K Vratsa
45%
7.23K 0.63% 34.62K Kyustendil
44%
6.03K 0.67% 32.73K Targovishte
43%
11.24K 0.49% 4.02K Sozopol
37%
7.91K 0.37% 41.66K Kazanlak
36%
5.81K 0.38% 24.59K Smolyan
36%
11.94K 0.82% 9.06K Bansko
32%
18.45K - 5.00K Sunny Beach
29%
7.87K 0.32% 9.31K Balchik
27%
6.62K 0.26% 13.38K Pomorie
27%
6.94K 0.45% 23.65K Sandanski
27%
6.39K 0.24% 2.36K Nikopol
23%
7.27K 0.24% 20.02K Velingrad
19%
10.51K 0.13% 9.76K Golden Sands
17%
7.55K 0.14% 5.95K Veliki Preslav
16%
6.58K 0.15% 0.80K Pliska
15%
No matching quizzes found
Score Distribution
Percent of People with Each Score
Percentile by Number Answered
Your Score History
You have not taken this quiz